000 00664nam a2200253Ia 4500
001 Para_2325
003 CHAP
008 220125s1980 xx 000 0 und d
010 _a200897
040 _cCHAP
090 _aPA FOLLETO 144
110 _aMéxico. Dirección General de Sanidad Vegetal
_977045
245 _aPrincipales plagas del nogal /
_c por DGSV
260 _aMéxico :
_b La Dirección
300 _a33 p.
650 _aNogal
_x plagas
_981564
901 _aPA FOLLETO 144
902 _aA
905 _a0000001980 a 0000000000 00
910 _a1980
942 _cPARA
942 _cPARA
_d1
999 _c200897
_d200897